Conditioned reflexes and psychiatry /

Guardado en:
Autor Principal: Pavlov, Ivan Petrovitch.
Formato: Libro
Idioma:English
Publicado: New York : International Publishers, 1941.
Etiquetas: Agregar Etiqueta
Sin Etiquetas, Sea el primero en etiquetar este registro!
LEADER 00457nam a22001455a 4500
001 EUN.um032135
003 AR-BaUNS
005 20050623122906.0
008 041125s1941####xxu###########000#0#eng#d
245 1 0 |a Conditioned reflexes and psychiatry /  |c Ivan Petrovitch Pavlov. 
260 |a New York :  |b International Publishers,  |c 1941. 
300 |a 2 v. 
100 1 |a Pavlov, Ivan Petrovitch. 
082 0 4 |a 616.89 
859 |a Ar-BaUNS  |b BIB. CENTRAL - Sector C  |h 616.89  |i P289  |p 133/959  |v v.2